Preparing national regulations for water resources management: Principles and practice
محفوظ في:
| المؤلف الرئيسي: | |
|---|---|
| التنسيق: | كتاب |
| اللغة: | Undetermined |
| منشور في: |
Rome, Italy
FAO
2003
|
| الموضوعات: | |
| الوسوم: |
إضافة وسم
لا توجد وسوم, كن أول من يضع وسما على هذه التسجيلة!
|
| Thư viện lưu trữ: | Trung tâm Học liệu Trường Đại học Cần Thơ |
|---|
| LEADER | 00554nam a2200181Ia 4500 | ||
|---|---|---|---|
| 001 | CTU_59789 | ||
| 008 | 210402s9999 xx 000 0 und d | ||
| 082 | |a 346.04691 | ||
| 082 | |b B947 | ||
| 100 | |a Stefano Burchi | ||
| 245 | 0 | |a Preparing national regulations for water resources management: Principles and practice | |
| 245 | 0 | |c Stefano Burchi and Ariella D'Andrea | |
| 260 | |a Rome, Italy | ||
| 260 | |b FAO | ||
| 260 | |c 2003 | ||
| 650 | |a water resources | ||
| 650 | |x law and legislation | ||
| 980 | |a Trung tâm Học liệu Trường Đại học Cần Thơ | ||